000 00572nam a2200169 i 4500
001 148657
003 ES-MaACL
005 20230906202742.0
007 t|
008 070214s1917 fr r ||||1| fre d
100 1 _aStuermer, Harry.
_9108500
245 1 0 _aDeux ans de guerre á Constantinople
_b: études de morale et politique allemandes et jeunes-turques /
_cHarry Stuermer.
260 _aParis :
_bPayot,
_c1917 (
_eLausanne :
_fImp. Réunies)
300 _a265 p. ;
_c19 cm.
650 4 _aGuerra mundial, 1914-1918-
_zTurquía.
_9158588
852 _aES-MaACL
_jB-7803
999 _c148657
_d148657